| 000 | 00661nam a2200205 a 4500 | ||
|---|---|---|---|
| 999 |
_c1715 _d1715 |
||
| 001 | 1715 | ||
| 003 | BD-JhCC | ||
| 005 | 20171023185004.0 | ||
| 008 | 171023s2011 bg |||| |||| 000 0 ben d | ||
| 035 | _a(BD-JhCC)1715 | ||
| 040 |
_aBD-JhCC _dBD-JhCC |
||
| 041 | _aben | ||
| 082 |
_a891.4435 _bHAQ 2011 |
||
| 100 | _aহক, হাসান আজিজুল | ||
| 245 |
_aগল্পসমগ্র ১ / _cহাসান আজিজুল হক |
||
| 260 |
_aঢাকা : _bমাওলা ব্রাদার্স ; _c২০১১ |
||
| 300 |
_a৩১০ পৃ. ; _c২২ সে.মি. |
||
| 650 | _aCollection of short stories | ||
| 942 |
_2ddc _cBK |
||